Československý průmysl

Saved in:
Bibliographic Details
Format: Serial
Language:Czech
Published: Praha Průmyslové vydavatelství 1946
Tags: Add Tag
No Tags, Be the first to tag this record!

MARC

LEADER 00000nas2a2200000$$$4500
001 0010149
005 20250730114819.6
041 0 |a cze 
044 |a CZ 
245 1 0 |a Československý průmysl 
264 1 |a Praha  |b Průmyslové vydavatelství  |c 1946 
300 |a 1 zv. 
773 0 |w eu_un_cat*0010147